History Quiz

Random History or Clickable Quiz

2013 year in review Quiz Stats

 Plays Quiz not verified by Sporcle

Challenge
Share
Tweet
Embed
Score 0/23 Timer 05:00
0 Plays Today
% Correct
December 5
45.8%
April 15
33.9%
July 22
32.2%
January 16-20
28.8%
September 21
27.1%
March 13
23.7%
July 1
23.7%
February 28
23.7%
December 14
22%
November 8
20.3%
February 1
20.3%
June 14-30
18.6%
% Correct
November 24
18.6%
February 15
16.9%
June 6
16.9%
April 8
16.9%
March 5
15.3%
October 18
15.3%
April 24
13.6%
March 25
11.9%
April 2
10.2%
July 3
8.5%
October 10
6.8%

You're not logged in!

Compare scores with friends on all Sporcle quizzes.
OR
Log In

You Might Also Like...

Show Comments

Extras

Created Dec 28, 2013ReportNominate
Tags:Clickable Quiz, 2013, date, event, review

Top Quizzes Today


Score Distribution

Your Account Isn't Verified!

In order to create a playlist on Sporcle, you need to verify the email address you used during registration. Go to your Sporcle Settings to finish the process.

Report this User

Report this user for behavior that violates our Community Guidelines.

Details: